Ελληνική Microsoft Access 2003 εύκολα
Αποθηκεύτηκε σε:
| Κύριος συγγραφέας: | |
|---|---|
| Μορφή: | Βιβλίο |
| Γλώσσα: | Greek English |
| Δημοσίευση: |
Αθήνα :
Κλειδάριθμος,
c2006.
|
| Θέματα: | |
| Ετικέτες: |
Προσθήκη ετικέτας
Δεν υπάρχουν, Καταχωρήστε ετικέτα πρώτοι!
|
MARC
| LEADER | 00000cam a2200000 i 4500 | ||
|---|---|---|---|
| 001 | 1/60861 | ||
| 008 | 141203s2006 gr | ||| |||| ||gre|| | ||
| 020 | |a 9602099631 | ||
| 035 | |l 10119948 | ||
| 040 | |a GR-MyUa |b gre |e AACR2 | ||
| 041 | 1 | |a gre |h eng | |
| 082 | 7 | |a 005.7565 |2 (23) | |
| 100 | 1 | |a Maran, Ruth, |d 1970- | |
| 245 | 1 | 0 | |a Ελληνική Microsoft Access 2003 εύκολα / |c [Ruth Maran] ; μετάφραση Παναγιώτης Καναβός. |
| 260 | |a Αθήνα : |b Κλειδάριθμος, |c c2006. | ||
| 300 | |a 302 σ. : |b εικ. ; |c 22 εκ. | ||
| 500 | |a Τίτλος πρωτοτύπου: Teach yourself visually Access 2003. | ||
| 500 | |a Περιλαμβάνει ευρετήριο. | ||
| 630 | 0 | 0 | |a Microsoft Access. |
| 650 | 0 | |a Database management. | |
| 852 | |a INST |b LESVOS |c EUDOXUS |e 20141203 |h 005.7565 MAR |p 005100055312 |q 005100055312 |t EDX |y 0 | ||
| 852 | |a INST |b LESVOS |c EUDOXUS |e 20141203 |h 005.7565 MAR |p 005100055314 |q 005100055314 |t EDX |y 0 | ||
| 852 | |a INST |b SYROS |c EUDOXUS |e 20150108 |h 005.7565 MAR |p 005500012307 |q 005500012307 |t EDX |y 620 | ||
| 901 | |a BIBL5-2015-1 | ||
| 901 | |a BIBL1-2014-3 | ||
| 920 | |a Εύδοξος |b Επιστροφή |y Σύρος |z 2014-09 | ||
| 920 | |a Εύδοξος |b Επιστροφή |y Λέσβος |z 2014-09 | ||
| 970 | |a Τζαφέρη |b Ευαγγελία |z 03/12/2014 | ||